000 00594nam a2200181Ia 4500
008 090124s9999 xx 000 0 und d
082 _b117705
100 _aमराठे प्रभाकर द.
245 _a धैर्य समुद्र ढवळला
250 _a1
260 _c1978
300 _a188
600 _aमराठे प्रभाकर द.
630 _a धैर्य समुद्र ढवळला
700 _aमराठे प्रभाकर द.
730 _a धैर्य समुद्र ढवळला
942 _cBOOK
999 _c163792
_d163792